Periodic Table - 31-60 - Statistics

General Stats
  • This quiz has been taken 1,141 times
  • The average score is 17 of 30
Answer Stats
Hint Answer % Correct
31. Ga Gallium
98%
32. Ge Germanium
90%
33. As Arsenic
86%
36. Kr Krypton
84%
35. Br Bromine
81%
34. Se Selenium
76%
37. Rb Rubidium
74%
39. Y Yttrium
74%
38. Sr Strontium
67%
47. Ag Silver
62%
54. Xe Xenon
59%
53. I Iodine
57%
50. Sn Tin
53%
49. In Indium
51%
56. Ba Barium
48%
48. Cd Cadmium
46%
42. Mo Molybdenum
46%
41. Nb Niobium
46%
46. Pd Palladium
46%
43. Tc Technetium
46%
45. Rh Rhodium
45%
51. Sb Antimony
43%
44. Ru Ruthenium
43%
55. Cs Caesium
41%
52. Te Tellurium
39%
57. La Lanthanum
36%
60. Nd Neodymium
34%
59. Pr Praseodymium
31%
40. Zr Zicronium
30%
58. Ce Cerium
28%
No matching quizzes found
Score Distribution
Percent of People with Each Score
Percentile by Number Answered
Your Score History
You have not taken this quiz